000 00568nam a22001817a 4500
003 URS
005 20251015091713.0
008 251015b |||||||| |||| 00| 0 eng d
040 _cURS
100 _aNavarro, Rosita L.
_eAuthor
245 _aThe evolutuion and developent of the filipino profesional teacher/
_cRosita L. Navarro
300 _apage 4
336 _2rdacontent
_atext
_btxt
337 _2rdamedia
_aunmediated
_bn
338 _2rdacarrier
_avolume
_bnc
773 0 _086888
_992465
_oPIL-2243-920X-14-2
_tThe Professional Teacher
_x2243-920X
942 _2ddc
_cCR
999 _c87281
_d87278